000
00267nam a22001097a 4500
082
_a
621.388 GLA'F
100
_a
GLARFORD, G. M
_9
57367
245
_a
FUNDAMENTALS OF TELEVISION ENGINEERING
260
_a
NEWYORK
_b
MCGRAW HILL
_c
1955
300
_a
XIV,642P
942
_c
BK
999
_c
567656
_d
567656